000 00694nam a2200217 a 4500
005 20210219153131.0
008 991125n 000 0 u
035 _aUPN01000079556
100 1 _aGutiérrez T. Formoso, Alberto
222 _aEDUCACION Y DESARROLLO
245 _aForjadores de la educación en México : su perfil y su obra III : Fray Pedro de Gante : el ingenio educador
260 _aGuadalajara, México
300 _a2-5
362 0 _a1989 Año 11, vol. 11, nos. 131-132, jun.-jul.
653 0 _aCASTELLANIZACION
653 0 _aHISTORIA EDUCATIVA
653 0 _aGANTE, PEDRO DE, FRAY, 1479-1572
653 0 _aINDIGENAS
904 _aAC
_b017367
905 _aArticulo
999 _c69098
_d69098